[Event "Europe Echecs online op April"]
[Site "Europe Echecs INT"]
[Date "2020.04.11"]
[Round "9"]
[White "Broutin, Nicolas"]
[Black "Buntz, Hadrien"]
[Result "0-1"]
[WhiteElo "1628"]
[BlackElo "1861"]
[PlyCount "72"]
[EventDate "2020.04.11"]
[EventType "swiss (blitz)"]
[EventRounds "11"]
[EventCountry "FRA"]
[SourceTitle "EXT 2021"]
[Source "ChessBase"]
[SourceDate "2020.10.23"]
[SourceVersion "1"]
[SourceVersionDate "2020.10.23"]
[SourceQuality "1"]

1. e4 e5 2. Nf3 Nc6 3. Bb5 a6 4. Ba4 Nf6 5. 0-0 b5 6. Bb3 Be7 7. Re1 d6 8. c3 0-0 9. d4 Bg4 10. h3 Bxf3 11. Qxf3 exd4 12. c4 Ne5 13. Qg3 Nh5 14. Qh2 bxc4 15. Bd1 Nf6 16. f4 Nd3 17. e5 Nxe1 18. exf6 Bxf6 19. Be2 Nc2 20. Bxc4 Nxa1 21. g4 d5 22. Bd3 Qe7 23. Bd2 Rab8 24. b3 g6 25. g5 Bg7 26. h4 c5 27. h5 Rbc8 28. hxg6 hxg6 29. Qg2 c4 30. bxc4 dxc4 31. Be4 c3 32. Bc1 Rfe8 33. Bd5 Qe1+ 34. Qf1 Qxf1+ 35. Kxf1 d3 36. Be4 Rxe4 0-1

[Event "Europe Echecs online op April"]
[Site "Europe Echecs INT"]
[Date "2020.04.11"]
[Round "10"]
[White "Buntz, Hadrien"]
[Black "Derouet, Florian"]
[Result "1-0"]
[WhiteElo "1861"]
[BlackElo "1500"]
[PlyCount "145"]
[EventDate "2020.04.11"]
[EventType "swiss (blitz)"]
[EventRounds "11"]
[EventCountry "FRA"]
[SourceTitle "EXT 2021"]
[Source "ChessBase"]
[SourceDate "2020.10.23"]
[SourceVersion "1"]
[SourceVersionDate "2020.10.23"]
[SourceQuality "1"]

1. e4 e5 2. Nf3 Nc6 3. Bb5 a6 4. Ba4 Nf6 5. 0-0 Be7 6. Re1 b5 7. Bb3 d6 8. c3 0-0 9. h3 Na5 10. Bc2 c5 11. d4 Qc7 12. Nbd2 c4 13. d5 Nb7 14. a4 Bd7 15. Nf1 Nc5 16. a5 Rfe8 17. Ng3 h6 18. Be3 Bf8 19. Qd2 Kh7 20. Red1 g6 21. Nh2 Bg7 22. f3 h5 23. Bg5 Rh8 24. Nhf1 Rae8 25. Qf2 Kg8 26. Qd2 h4 27. Nh1 Nh5 28. Nf2 f6 29. Be3 f5 30. Bxc5 Qxc5 31. Kh2 f4 32. Ng4 Ng3 33. Qf2 Kf7 34. Qxc5 dxc5 35. Nxg3 hxg3+ 36. Kg1 g5 37. Rd2 b4 38. Bd1 Rb8 39. Be2 bxc3 40. bxc3 Rb3 41. Rc2 Bb5 42. Kf1 Rb8 43. Ke1 Ke7 44. Kd2 Kd6 45. Rca2 Ke7 46. Bd1 Bd7 47. Bc2 Rb2 48. Rxb2 Rxb2 49. Kc1 Rb5 50. Bd1 Kd6 51. Kc2 Ke7 52. Be2 Bc8 53. Bxc4 Rb7 54. Bxa6 Rc7 55. Bxc8 Rxc8 56. c4 Kd6 57. a6 Ra8 58. Kb3 Kc7 59. Ra5 Kb6 60. Ka4 Rxa6 61. Rxa6+ Kxa6 62. d6 Kb6 63. d7 Kc7 64. d8Q+ Kxd8 65. Kb5 Kd7 66. Kxc5 Kc7 67. Kd5 Kb6 68. Nxe5 Bxe5 69. Kxe5 Kc5 70. Kf6 Kxc4 71. e5 Kd5 72. e6 Kd6 73. Kf7 1-0

[Event "FRA-ch U16"]
[Site "Calvi"]
[Date "2005.04.22"]
[Round "7"]
[White "Buntz, Hadrien"]
[Black "Guilleux, Fabien"]
[Result "1-0"]
[WhiteElo "1829"]
[BlackElo "1900"]
[PlyCount "89"]
[EventDate "2005.04.??"]
[EventType "swiss"]
[EventRounds "9"]
[EventCountry "FRA"]
[SourceTitle "EXT 2006"]
[Source "ChessBase"]
[SourceDate "2005.11.24"]
[SourceVersion "1"]
[SourceVersionDate "2005.11.24"]
[SourceQuality "1"]

1. e4 e6 2. d4 d5 3. Nc3 Nf6 4. e5 Nfd7 5. Nce2 c5 6. c3 Nc6 7. f4 f6 8. Nf3 Qb6 9. a3 Be7 10. h4 cxd4 11. Nexd4 Nxd4 12. cxd4 f5 13. h5 Nb8 14. h6 g6 15. b3 Bd7 16. Bd3 Bb5 17. 0-0 Bxd3 18. Qxd3 Nc6 19. Be3 0-0 20. Nd2 Rfc8 21. Kf2 Rc7 22. b4 Rac8 23. Nb3 Nd8 24. Nc5 a6 25. g4 fxg4 26. Qd1 Bf8 27. Rh1 a5 28. Rb1 axb4 29. Qxg4 Bxc5 30. dxc5 Qa5 31. axb4 Qa2+ 32. Kg3 Qc4 33. Rhc1 Qe4 34. Qf3 Qxf3+ 35. Kxf3 Nc6 36. b5 Ne7 37. c6 bxc6 38. b6 Rb7 39. Bc5 Nf5 40. Ra1 Nxh6 41. Ra7 Rbb8 42. b7 Rc7 43. Rb1 Nf7 44. Ra8 Rcxb7 45. Rxb8+ 1-0